[Event "IND-ch U17 Girls"]
[Site "Bengaluru"]
[Date "2015.10.08"]
[Round "8"]
[White "Priyanka, Nutakki"]
[Black "Jadhav, Vaibhavi"]
[Result "0-1"]
[WhiteElo "2042"]
[BlackElo "1589"]
[PlyCount "57"]
[EventDate "2015.10.03"]
[EventType "swiss"]
[EventRounds "11"]
[EventCountry "IND"]
[SourceTitle "CBM 168 Extra"]
[Source "ChessBase"]
[SourceDate "2015.10.29"]
[SourceVersion "1"]
[SourceVersionDate "2015.10.29"]
[SourceQuality "1"]

1. d4 Nf6 2. c4 e6 3. Nf3 b6 4. g3 Ba6 5. b3 Be7 6. Bg2 c6 7. 0-0 d5 8. Ne5 Nfd7 9. cxd5 Nxe5 10. dxe5 cxd5 11. Nd2 Nd7 12. f4 Bc5+ 13. Kh1 Rc8 14. Bb2 Nb8 15. Nf3 Nc6 16. a3 Be3 17. Ne1 Ne7 18. Nc2 Nf5 19. g4 Qh4 20. gxf5 Bxf4 21. Rxf4 Qxf4 22. f6 gxf6 23. exf6 e5 24. Rb1 Rg8 25. Qe1 Rxc2 26. Qf1 e4 27. Bc1 Rxc1 28. Qxc1 Qg5 29. Bf1 0-1

[Event "IND-chB (Women) 42nd"]
[Site "Bhayandar"]
[Date "2015.07.05"]
[Round "5"]
[White "Jadhav, Vaibhavi"]
[Black "Sapale, Saloni"]
[Result "1/2-1/2"]
[WhiteElo "1558"]
[BlackElo "1981"]
[PlyCount "97"]
[EventDate "2015.07.02"]
[EventType "swiss"]
[EventRounds "11"]
[EventCountry "IND"]
[SourceTitle "CBM 167 Extra"]
[Source "ChessBase"]
[SourceDate "2015.09.14"]
[SourceVersion "1"]
[SourceVersionDate "2015.09.14"]
[SourceQuality "1"]

1. d4 d5 2. c4 c6 3. Nc3 dxc4 4. a4 Nf6 5. Nf3 Bf5 6. Nh4 e6 7. Nxf5 exf5 8. e3 Bb4 9. Bxc4 0-0 10. Qf3 Qa5 11. Bd2 Ne4 12. Nxe4 fxe4 13. Qe2 Nd7 14. Ba2 Nb6 15. b3 Nd5 16. Bxb4 Qxb4+ 17. Qd2 f5 18. Rc1 a5 19. Rc4 Qxd2+ 20. Kxd2 Nb4 21. Bb1 Rad8 22. Ke2 Rd6 23. Rf1 Rg6 24. g3 Re6 25. Rg1 Nd5 26. Rgc1 Rff6 27. Bc2 g5 28. Rg1 Kf8 29. h4 h6 30. hxg5 hxg5 31. Rh1 Kg7 32. Rg1 Rg6 33. Bb1 Kf7 34. Rcc1 Rh6 35. Rh1 Kg7 36. Rxh6 Rxh6 37. g4 fxg4 38. Bxe4 Nf6 39. Bf5 Rh2 40. Rg1 Kf7 41. e4 Rh3 42. e5 Nd5 43. Rg3 Nf4+ 44. Ke3 Nd5+ 45. Kd3 Rh2 46. Rxg4 Rxf2 47. Rxg5 Rf3+ 48. Kd2 Rxb3 49. Bc8 1/2-1/2

[Event "IND-chB (Women) 42nd"]
[Site "Bhayandar"]
[Date "2015.07.03"]
[Round "3"]
[White "Jadhav, Vaibhavi"]
[Black "Monnisha, GK."]
[Result "1/2-1/2"]
[WhiteElo "1558"]
[BlackElo "2288"]
[PlyCount "92"]
[EventDate "2015.07.02"]
[EventType "swiss"]
[EventRounds "11"]
[EventCountry "IND"]
[SourceTitle "CBM 167 Extra"]
[Source "ChessBase"]
[SourceDate "2015.09.14"]
[SourceVersion "1"]
[SourceVersionDate "2015.09.14"]
[SourceQuality "1"]

1. d4 Nf6 2. c4 e6 3. Nc3 Bb4 4. Qc2 d5 5. cxd5 exd5 6. Bg5 c5 7. Nf3 Nc6 8. Rd1 h6 9. Bxf6 Qxf6 10. dxc5 Bf5 11. Qd2 0-0 12. a3 Bxc3 13. Qxc3 Qxc3+ 14. bxc3 Ne7 15. Nd4 Bd7 16. Rb1 Rab8 17. e3 Rfc8 18. Bb5 Bg4 19. Be2 Bxe2 20. Kxe2 Rxc5 21. Kd3 b6 22. Rhc1 Rbc8 23. Rb4 g5 24. Nb3 R5c7 25. Nd4 Ng6 26. Nf5 Ne5+ 27. Kd2 Nc4+ 28. Kd3 Nxa3 29. Nxh6+ Kg7 30. Nf5+ Kf6 31. Nd6 Rd8 32. Nb5 Nxb5 33. Rxb5 Ke6 34. Ra1 Rdc8 35. Ra3 Rh8 36. h3 f6 37. Ra6 g4 38. hxg4 Rh2 39. Rb4 Rxg2 40. f3 Rh7 41. e4 Rh3 42. exd5+ Kxd5 43. Rf4 Ke5 44. Re4+ Kd5 45. Rf4 Ke5 46. Re4+ Kd5 1/2-1/2

[Event "Runwal Memorial op U15 Girls 29th"]
[Site "Mumbai"]
[Date "2012.09.21"]
[Round "4"]
[White "Parnali, S Dharia"]
[Black "Jadhav, Vaibhavi"]
[Result "1-0"]
[WhiteElo "1888"]
[BlackElo "1478"]
[PlyCount "63"]
[EventDate "2012.09.18"]
[EventType "swiss"]
[EventRounds "11"]
[EventCountry "IND"]
[SourceTitle "EXT 2013"]
[Source "ChessBase"]
[SourceDate "2012.11.22"]
[SourceVersion "1"]
[SourceVersionDate "2012.11.22"]
[SourceQuality "1"]

1. e4 e5 2. Nf3 Nc6 3. d4 exd4 4. Bc4 Bc5 5. c3 Nf6 6. cxd4 Bb6 7. Nc3 Nxe4 8. Bxf7+ Kxf7 9. Nxe4 Re8 10. 0-0 Kg8 11. Bg5 Ne7 12. a4 d5 13. Qb3 Kh8 14. Ne5 Be6 15. Rfd1 Qc8 16. Nf6 Rf8 17. Nxh7 Kxh7 18. Bxe7 Rf4 19. Qg3 Rxd4 20. Rxd4 Bxd4 21. Qh4+ Kg8 22. Qxd4 Qe8 23. Qh4 c6 24. Ra3 Rc8 25. Rg3 Rc7 26. Bd6 Rd7 27. Nxd7 Qxd7 28. Be5 Bf7 29. Rxg7+ Kf8 30. Qf6 Ke8 31. Bd6 d4 32. Rg8+ 1-0